The noble scholar, jurist, historian


 His Excellency Dr. Abdul Wahhab bin Ibrahim Abu Sulaiman, may Allah have mercy on him.


 He was born in Umm Al-Qura in the year 1356 AH.

مقدمة التحبير : (Record no. 7690)

MARC details
000 -LEADER
fixed length control field 01834cam a22003491i 4500
003 - CONTROL NUMBER IDENTIFIER
control field SA-RiAUC
005 - DATE AND TIME OF LATEST TRANSACTION
control field 20250507145213.0
008 - FIXED-LENGTH DATA ELEMENTS--GENERAL INFORMATION
fixed length control field 250507s2000 su f b 000 0 ara c
040 ## - CATALOGING SOURCE
Original cataloging agency JO-AmJU
Language of cataloging ara
Transcribing agency SA-RiAUC
Description conventions rda
050 #4 - LIBRARY OF CONGRESS CALL NUMBER
Item number . M372 2000
082 04 - DEWEY DECIMAL CLASSIFICATION NUMBER
Classification number 258.4
Assigning agency SA-RiAUC
090 ## - LOCALLY ASSIGNED LC-TYPE CALL NUMBER (OCLC); LOCAL CALL NUMBER (RLIN)
Classification number (OCLC) (R) ; Classification number, CALL (RLIN) (NR) 258.4
Local cutter number (OCLC) ; Book number/undivided call number, CALL (RLIN) م ر د
100 1# - MAIN ENTRY--PERSONAL NAME
Personal name المرداوي، علي بن سليمان بن أحمد،
Dates associated with a name 817-885 هجري
Relator term مؤلف.
245 10 - TITLE STATEMENT
Title مقدمة التحبير :
Remainder of title شرح التحرير في أصول الفقه الحنبلي /
Statement of responsibility, etc. أبو الحسن علاء الدين علي بن سليمان المرداوي ؛ دراسة وتحقيق عبد الرحمن بن عبد الله الجبرين، عوض بن محمد القرني، أحمد بن محمد السراح.
246 30 - VARYING FORM OF TITLE
Title proper/short title شرح التحرير في أصول الفقه الحنبلي
250 ## - EDITION STATEMENT
Edition statement الطبعة الأولى.
264 #1 - PRODUCTION, PUBLICATION, DISTRIBUTION, MANUFACTURE, AND COPYRIGHT NOTICE
Place of production, publication, distribution, manufacture الرياض :
Name of producer, publisher, distributor, manufacturer مكتبة الرشد،
Date of production, publication, distribution, manufacture, or copyright notice 2000
300 ## - PHYSICAL DESCRIPTION
Extent 8 مجلد ؛
Dimensions 24 سم
336 ## - CONTENT TYPE
Content type term نص
Content type code txt
Source rdacontent
Materials specified كتاب
337 ## - MEDIA TYPE
Media type term بدون وسيط
Media type code n
Source rdamedia
338 ## - CARRIER TYPE
Carrier type term مجلد
Carrier type code nc
Source rdacarrier
500 ## - GENERAL NOTE
General note الأصل أطروحة دكتوراه-جامعة الإمام محمد بن سعود الإسلامية، 1995.
504 ## - BIBLIOGRAPHY, ETC. NOTE
Bibliography, etc. note يشتمل على إرجاعات ببليوجرافية.
590 ## - LOCAL NOTE (RLIN)
Local note خلفان.
650 #7 - SUBJECT ADDED ENTRY--TOPICAL TERM
Topical term or geographic name entry element الفقه الحنبلي
Source of heading or term aucsh
700 1# - ADDED ENTRY--PERSONAL NAME
Personal name الجبرين، عبد الرحمن بن سعد بن عبد الله،
Dates associated with a name 1392 هجري-
Relator term محقق.
700 1# - ADDED ENTRY--PERSONAL NAME
Personal name القرني، عوض بن محمد بن سعد،
Dates associated with a name 1376 هجري-
Relator term محقق.
700 1# - ADDED ENTRY--PERSONAL NAME
Personal name السراح، أحمد بن محمد بن صالح
Relator term محقق.
740 02 - ADDED ENTRY--UNCONTROLLED RELATED/ANALYTICAL TITLE
Uncontrolled related/analytical title تحرير المنقول وتهذيب علم الأصول.
942 ## - ADDED ENTRY ELEMENTS (KOHA)
Source of classification or shelving scheme Dewey Decimal Classification
Koha item type Books
Suppress in OPAC No
949 ## - LOCAL PROCESSING INFORMATION (OCLC)
a SA-JeALM
d 250507
u eid123
n 1
Holdings
Withdrawn status Lost status Source of classification or shelving scheme Materials specified (bound volume or other part) Damaged status Not for loan Home library Current library Date acquired Total checkouts Full call number Barcode Date last seen Price effective from Koha item type
    Dewey Decimal Classification الجزء الاول     DR AbdElwahab Library DR AbdElwahab Library 05/07/2025   258.4 م ر د 000012801 05/07/2025 05/07/2025 Books
    Dewey Decimal Classification الجزء الثاني     DR AbdElwahab Library DR AbdElwahab Library 05/07/2025   258.4 م ر د 000012802 05/07/2025 05/07/2025 Books
    Dewey Decimal Classification الجزء الثالث     DR AbdElwahab Library DR AbdElwahab Library 05/07/2025   258.4 م ر د 000012803 05/07/2025 05/07/2025 Books
    Dewey Decimal Classification الجزء الرابع     DR AbdElwahab Library DR AbdElwahab Library 05/07/2025   258.4 م ر د 000012804 05/07/2025 05/07/2025 Books
    Dewey Decimal Classification الجزء الخامس     DR AbdElwahab Library DR AbdElwahab Library 05/07/2025   258.4 م ر د 000012805 05/07/2025 05/07/2025 Books
    Dewey Decimal Classification الجزء السادس     DR AbdElwahab Library DR AbdElwahab Library 05/07/2025   258.4 م ر د 000012806 05/07/2025 05/07/2025 Books
    Dewey Decimal Classification الجزء السابع     DR AbdElwahab Library DR AbdElwahab Library 05/07/2025   258.4 م ر د 000012807 05/07/2025 05/07/2025 Books
    Dewey Decimal Classification الجزء الثامن     DR AbdElwahab Library DR AbdElwahab Library 05/07/2025   258.4 م ر د 000012808 05/07/2025 05/07/2025 Books